Teknik dan strategi membimbing remaja menghadapi cabaran

Bibliographic Details
Main Author: Robiah Kulop Hamzah
Format: Book
Published: Pahang : PTS Publications & Distributors , 2005
Series:Siri Motivasi
Subjects:

MARC

LEADER 00000cam a2200000 7i4500
001 0000011932
005 20160330.0
008 071121
020 |a 9832311764 
090 0 0 |a 155.518   |b ROB 
100 0 |a Robiah Kulop Hamzah 
245 1 0 |a Teknik dan strategi membimbing remaja menghadapi cabaran   |c Robiah Kulop Hamzah 
260 |a Pahang :   |b PTS Publications & Distributors ,   |c 2005 
440 |a Siri Motivasi 
500 |a Teenager ages 13-18 years old (blue) 
650 0 |a Malay fiction 
650 0 |a Youth   |x Conduct of life 
650 0 |a Youth   |x Psychology 
999 |a 0001004351   |b Book   |c Teenagers   |e Perbadanan Perpustakaan Awam Johor 
999 |a 0001004352   |b Book   |c Teenagers   |e Perbadanan Perpustakaan Awam Johor 
999 |a 0001004610   |b Book   |c Adult Collection   |e Cawangan Segamat 
999 |a 000950817   |b Book   |c Adult Collection   |e Cawangan Muar